MARC

LEADER 00000nam0a2200000 4500
001 372340
005 20231102012451.0
035 |a (RuTPU)RU\TPU\retro\29763 
035 |a RU\TPU\book\189416 
090 |a 372340 
100 |a 20221214d1987 k y0rusy50 ca 
101 0 |a rus 
102 |a RU 
105 |a a z 001zy 
200 1 |a Высокоточные угловые измерения  |f под ред. Ю. Г. Якушенкова 
210 |a Москва  |c Машиностроение  |d 1987 
215 |a 480 с.  |c ил. 
320 |a Библиогр.: с. 474-476. 
606 1 |a Угловые измерения, высокоточные  |2 stltpush  |3 (RuTPU)RU\TPU\subj\62445  |9 79521 
610 1 |a погрешности 
610 1 |a угломеры 
610 1 |a угломерные системы 
610 1 |a угломерные приборы 
610 1 |a точность 
610 1 |a конструкции 
610 1 |a оптико-электронные угломеры 
610 1 |a анализаторы 
610 1 |a преобразователи 
610 1 |a приемники 
675 |a 531.7  |v 3 
702 1 |a Якушенкова  |b Ю. Г.  |g Юрий Григорьевич  |4 340 
801 1 |a RU  |b 63413507  |c 20100202 
801 2 |a RU  |b 63413507  |c 20221214  |g RCR 
942 |c BK